Ананикова Степана

RUSMARC
00005212nmc2a22003613x 450
001f067a33b-4008-49bf-a943-a7a1619197c6
00520240819204117.0
100##$a20240716l1878 k y0rusy50 ca
1010#$arus
102##$aRU
105##$ac z |||||
1220#$ad18780426
2001#$aАнаникова Степана
$j26.04.1878
215##$a2 листа
$cпортр.
$d32 х 23
251##$cДело
300##$aЗаголовок дела на папке: Письмо Степана Ананикова к М. Т. Лорис-Меликову
300##$aРукописный текст
325##$aЗамикрофильмировано
330##$aВходит в раздел описи: Письма разных лиц к Лорис-Меликову
461#0$1001cda3d175-ae4a-411a-8dea-9cc20fb178f6
$12001
$aЛорис-Меликов Михаил Тариелович, граф, министр внутренних дел, главный начальник "верховной распорядительной комиссии по охранению государственного порядка и общественного спокойствия", генерал от кавалерии
$1251
$cФонд
$1852
$j569
462#0$1001163e060a-d7cc-404d-90ee-e28c9801971b
$12001
$aОпись дел фонда М. Т. Лорис-Меликова за 1858-1915 гг.
$vД. 149
$1251
$cОпись
$1852
$j1
5171#$aПисьмо Степана Ананикова к М. Т. Лорис-Меликову
600#1$aЛорис-Меликов
$bМ. Т.
$gМихаил Тариелович
600#1$aАнаников
$bС.
$gСтепан
605##$3DITM\AF\0000002775
$aВласть
$lколлекция
$2acquisition_prlib
6101#$aПисьма
686##$a63.3(2)535-332ю1
$cИстория
$2rubbk
686##$a67.400.6ю1
$cПраво
$2rubbk
700#1$aАнаников
$bС.
$gСтепан
702#1$aЛорис-Меликов
$bМ. Т.
$gМихаил Тариелович
$4660
801#0$aRU
$bGA_RF
801#1$aRU
$bГлавНИВЦ
$c20240716
$2rusmarc
801#2$aRU
$bПБ им. Б.Н. Ельцина
$c20240819
$gRCR
$2rusmarc
852##$aГА РФ
$j149
937##$d193625118
$hГАРФ
035##$aRuPRLIB51076507
856##$uhttp://readingroom.main.prlib.ru/item.aspx?id_node=n193625118&mode=full
Формат отображения